Contemporaries : portraits in the progressive era /

Bibliographic Details
Main Author: Phillips, David Graham, 1867-1911
Other Authors: Filler, Louis, 1911-1998
Format: Book
Language:English
Published: Westport, Conn. : Greenwood, 1981.
Series:Contributions in American studies ; no. 56.
Subjects:

MARC

Tag First Indicator Second Indicator Subfields
LEADER 00000pam a2200000 a 4500
001 in00000076808
005 20151008054938.0
008 801124s1981 ctu b 00110cengm
010 |a  80039644  
020 |a 0313224870 (lib. bdg.) 
035 |a (OCoLC)07169842 
035 |9 AAJ2132AM 
040 |a DLC  |c DLC  |d m.c.  |d TXA  |d UtOrBLW 
043 |a n-us--- 
049 |a TXAM  |c [1672626] 
050 0 0 |a E663  |b .P48 1981 
082 0 |a 973.8/092/2  |a B  |2 19 
100 1 |a Phillips, David Graham,  |d 1867-1911. 
245 1 0 |a Contemporaries :  |b portraits in the progressive era /  |c by David Graham Phillips ; edited, with an introduction by Louis Filler. 
264 1 |a Westport, Conn. :  |b Greenwood,  |c 1981. 
300 |a xvi, 193 pages ;  |c 22 cm. 
336 |a text  |b txt  |2 rdacontent 
337 |a unmediated  |b n  |2 rdamedia 
338 |a volume  |b nc  |2 rdacarrier 
490 1 |a Contributions in American studies,  |x 0084-9227 ;  |v no. 56 
500 |a Includes bibliographical references and index. 
504 |a Appendix (pages [187]-190): A list of Phillips's published articles. 
650 0 |a Progressivism (United States politics) 
651 0 |a United States  |x History  |y 1865-1921  |x Biography. 
651 0 |a United States  |x Politics and government  |y 1865-1933. 
651 0 |a United States  |v Biography. 
700 1 |a Filler, Louis,  |d 1911-1998. 
830 0 |a Contributions in American studies ;  |v no. 56. 
999 |a MARS 
999 f f |s 61f54483-96bf-34e3-9845-456367c3aba1  |i 64d6c4f0-1919-3838-b8c6-bec0b8cdeb43  |t 0 
952 f f |p ric  |a Texas A&M University  |b Rellis Campus  |c Joint Library Facility  |d Remote Storage  |t 0  |e E663 .P48 1981  |h Library of Congress classification  |i unmediated -- volume  |m A14806107920 
998 f f |a E663 .P48 1981  |t 0  |l Remote Storage